书目信息 |
| 题名: |
Flash 4 Web动画创作技法与实战
|
|
| 作者: | Milburn , Croteau 著 | |
| 分册: | ||
| 出版信息: | 北京 机械工业出版社 2000.07 |
|
| 页数: | 259页 | |
| 开本: | 16开 | |
| 丛书名: | ||
| 单 册: | ||
| 中图分类: | TP393.141 | |
| 科图分类: | ||
| 主题词: | 计算机应用 | |
| 电子资源: | ||
| ISBN: | 7-111-08123-4 | |
| 000 | 00662nam0 2200205 45 | |
| 001 | 0012121143 | |
| 005 | 20001212112842.8 | |
| 010 | @a7-111-08123-4@d43.00元 | |
| 100 | @a20001212d2000 km y0chiy0120 ea | |
| 101 | 0 | @achi |
| 105 | @a z 000yy | |
| 200 | 1 | @aFlash 4 Web动画创作技法与实战@AFlash 4 Web Dong Hua Chuang Zuo Ji Fa Yu Shi Zhan@f(美)Milburn,Croteau著;王滨译@F(Mei)Milburn,Croteau Zhu;Wang Bin Yi |
| 210 | @a北京@c机械工业出版社@d2000.07 | |
| 215 | @a259页@d16开 | |
| 606 | 0 | @a计算机应用 |
| 690 | @aTP393.141@v3 | |
| 701 | 0 | @aMilburn@4著 |
| 701 | 0 | @aCroteau@4著 |
| 801 | @aCN@bPftUser@c20001212 | |
| 905 | @b306307-309@dTP393.141@eM057@f3 | |
| Flash 4 Web动画创作技法与实战/(美)Milburn,Croteau著;王滨译.-北京:机械工业出版社,2000.07 |
| 259页;16开 |
| ISBN 7-111-08123-4:43.00元 |
| ● |
| 相关链接 |
|
|
|
正题名:Flash 4 Web动画创作技法与实战
索取号:TP393.141/M057
 
预约/预借
| 序号 | 登录号 | 条形码 | 馆藏地/架位号 | 状态 | 备注 |
| 1 | 306307 | 203063077 | 期刊室512/301自科库 67排2列1层/ [索取号:TP393.141/M057] | 在馆 | |
| 2 | 306308 | 203063086 | 自科库301/ [索取号:TP393.141/M057] | 在馆 | |
| 3 | 306309 | 203063095 | 期刊室512/301自科库 133排1列2层/ [索取号:TP393.141/M057] | 在馆 |